[Event "BRA-ch Amateur"]
[Site "Sao Paulo"]
[Date "2015.04.03"]
[Round "6"]
[White "Zmetek, Marcos Simao"]
[Black "Jesus, Mariana De"]
[Result "1/2-1/2"]
[WhiteElo "1482"]
[BlackElo "1727"]
[PlyCount "47"]
[EventDate "2015.04.30"]
[EventType "swiss"]
[EventRounds "7"]
[EventCountry "BRA"]
[SourceTitle "EXT 2022"]
[Source "ChessBase"]
[SourceDate "2021.10.06"]
[SourceVersion "1"]
[SourceVersionDate "2021.10.06"]
[SourceQuality "1"]

1. e4 c5 2. Nf3 Nc6 3. d4 cxd4 4. Nxd4 d6 5. Bc4 Ne5 6. Qe2 g6 7. 0-0 Bg7 8. Be3 Nf6 9. Nd2 0-0 10. f4 Nc6 11. c3 Ng4 12. Rae1 Nxe3 13. Qxe3 Qb6 14. Nxc6 Qxe3+ 15. Rxe3 bxc6 16. e5 d5 17. Bd3 Rd8 18. f5 d4 19. cxd4 Rxd4 20. fxg6 hxg6 21. h3 Bh6 22. Ref3 Be6 23. Nc4 Rad8 24. Be2 1/2-1/2

[Event "CHI-ch (Women)"]
[Site "Santiago de Chile"]
[Date "2015.01.13"]
[Round "1"]
[White "Luna Benalcazar, Gianella"]
[Black "Jesus, Mariana De"]
[Result "1-0"]
[WhiteElo "1789"]
[BlackElo "1072"]
[PlyCount "89"]
[EventDate "2015.01.13"]
[EventType "swiss"]
[EventRounds "9"]
[EventCountry "CHI"]
[SourceTitle "CBM 164 Extra"]
[Source "ChessBase"]
[SourceDate "2015.03.02"]
[SourceVersion "1"]
[SourceVersionDate "2015.03.02"]
[SourceQuality "1"]

1. e4 c5 2. Nf3 d6 3. d3 Nf6 4. Nc3 a6 5. Be2 e6 6. 0-0 Be7 7. d4 cxd4 8. Nxd4 Nc6 9. Bf3 0-0 10. Nxc6 bxc6 11. e5 dxe5 12. Bxc6 Qxd1 13. Rxd1 Ra7 14. Bg5 Bb7 15. Be3 Raa8 16. Bxb7 Rad8 17. Bxa6 Rxd1+ 18. Rxd1 Rd8 19. Rxd8+ Bxd8 20. Bg5 h6 21. Bxf6 Bxf6 22. b4 e4 23. Nxe4 Bd8 24. b5 Kf8 25. c4 Ke7 26. c5 f5 27. Nd6 Bc7 28. Nc8+ Kd8 29. b6 Be5 30. b7 Kd7 31. Kf1 Kc6 32. Nd6 Kc7 33. Ne8+ Kc6 34. Nd6 Kc7 35. g3 g5 36. Nf7 Bd4 37. Nd8 Bxc5 38. Nxe6+ Kd6 39. b8Q+ Kxe6 40. Bc4+ Kd7 41. Qb7+ Kd6 42. Qd5+ Kc7 43. Bb5 Ba7 44. Qc6+ Kd8 45. Qd7# 1-0